| 000 | 00503cam a22001577a 4500 | ||
|---|---|---|---|
| 008 | 180718b1962 xxu||||| |||| 00| 0 eng d | ||
| 082 | _aL3x73 N213 | ||
| 100 | _aMichael, E. Levy | ||
| 245 |
_aCycles in government securities,I:federal debt and its ownership _cby E. Levy Michael |
||
| 260 |
_aNew York _bNational Industrial Conference Board _c1962 |
||
| 300 | _a182p. | ||
| 500 | _a$3.,00 | ||
| 650 | _aGovernment Bonds - USA | ||
| 650 | _aDebt --USA | ||
| 700 | _aNational Industrial Conference Board | ||
| 999 |
_c480830 _d480830 |
||